<?xml version="1.0" encoding="UTF-8"?>
<record
    xmlns:xsi="http://www.w3.org/2001/XMLSchema-instance"
    xsi:schemaLocation="http://www.loc.gov/MARC21/slim http://www.loc.gov/standards/marcxml/schema/MARC21slim.xsd"
    xmlns="http://www.loc.gov/MARC21/slim">

  <leader>00351nam a2200133Ia 4500</leader>
  <controlfield tag="008">260604s9999    xx            000 0 und d</controlfield>
  <datafield tag="020" ind1=" " ind2=" ">
    <subfield code="a">9781292409719</subfield>
  </datafield>
  <datafield tag="082" ind1=" " ind2=" ">
    <subfield code="a">337 KRU</subfield>
  </datafield>
  <datafield tag="100" ind1=" " ind2=" ">
    <subfield code="a">KRUGMAN [PAUL R.]</subfield>
    <subfield code="9">35557</subfield>
  </datafield>
  <datafield tag="245" ind1=" " ind2="0">
    <subfield code="a">INTERNATIONAL ECONOMICS 12TH ED: THEORY AND POLICY</subfield>
  </datafield>
  <datafield tag="260" ind1=" " ind2=" ">
    <subfield code="b">PEARSON</subfield>
  </datafield>
  <datafield tag="500" ind1=" " ind2=" ">
    <subfield code="a">International Economics</subfield>
  </datafield>
  <datafield tag="942" ind1=" " ind2=" ">
    <subfield code="c">BK</subfield>
  </datafield>
  <datafield tag="952" ind1=" " ind2=" ">
    <subfield code="0">0</subfield>
    <subfield code="1">0</subfield>
    <subfield code="4">0</subfield>
    <subfield code="7">0</subfield>
    <subfield code="a">IIMV</subfield>
    <subfield code="b">IIMV</subfield>
    <subfield code="c">REFERENCE</subfield>
    <subfield code="d">2026-06-04</subfield>
    <subfield code="g">8414.91</subfield>
    <subfield code="l">0</subfield>
    <subfield code="o">337 KRU</subfield>
    <subfield code="p">003997</subfield>
    <subfield code="r">2026-06-04 10:20:01</subfield>
    <subfield code="v">8414.91</subfield>
    <subfield code="w">2026-06-04</subfield>
    <subfield code="y">BK</subfield>
    <subfield code="B">KRU</subfield>
  </datafield>
  <datafield tag="999" ind1=" " ind2=" ">
    <subfield code="c">8379</subfield>
    <subfield code="d">8379</subfield>
  </datafield>
</record>
